000
00236nam a2200109Ia 4500
008
240625s9999 xx 000 0 und d
041
_a
eng
082
_a
621.388 TAY
100
_a
TAYLOR JIM
245
_a
DVD DEMYSTIFIED
260
_c
2001
999
_c
33334
_d
33334